Best Episodes of Glee - Statistics

General Stats
  • This quiz has been taken 129 times
    80 since last reset
  • The average score is 13 of 25
Answer Stats
Season Episode Rating Description Episode % Correct
1 9 8.5 When Artie may not be able to travel to Regionals with the group, Will challenges the kids to experience life from a different point of view. Wheels
74%
1 13 9.0 Sectionals is finally here for the Glee Club, but when Quinn's secret unravels, the club may not be able to recover in time to compete. Sectionals
72%
2 7 8.5 A substitute teacher takes over for a sick Will and wows the group with her unconventional teaching methods. The Substitute
72%
2 14 8.5 Will has the Glee Club perform a song about underage drinking, but the message might lose impact when they come to school with hangovers. Blame It on the Alcohol
68%
1 15 8.6 Concerned that the Glee Club girls are being bullied by the guys, Mr. Schuester challenges the kids to choose Madonna songs as their next assignment. The Power of Madonna
68%
2 16 8.8 New Directions wants to get an edge at the Regionals and decides to use original songs. Blaine wants to try a new strategy during Regionals. Original Song
65%
1 19 8.5 Will's former high school nemesis, Bryan Ryan, causes trouble for Glee Club. Rachel struggles with a life-long personal issue. Dream On
63%
5 3 9.6 The New Directions remember Finn. The Quarterback
62%
2 21 8.5 Coach Sylvester tries to sabatoge the New Directions' trip to New York. The Glee Club performs songs at a funeral. Finn has bad news for Quinn. Funeral
60%
3 21 9.1 When Mercedes comes down with a bad case of food poisoning, Will drafts Tina and Quinn to sub for her. Nationals
57%
2 8 8.7 Sue plans a wedding where her mom wants to sing; Kurt plans the wedding of his dad and Finn's mom. Will Finn face down Kurt's tormentor? Furt
54%
6 12 8.7 Flashbacks to the original New Directions members joining the club. 2009
49%
2 18 8.5 Finn accidentally breaks Rachel's nose during dance rehearsals. The campaign to become prom queen heats up between the girls. Born This Way
49%
3 22 8.6 Graduation is finally here, and McKinley High's class of 2012 looks to the past and present while contemplating the future. Goodbye
49%
4 4 8.7 In New York City, Rachel and Kurt are caught off guard by unexpected visitors. Meanwhile, Santana and Brittany adjust to their long-distance relationship. The Break-Up
48%
1 22 9.1 When Regionals finally arrive, Sue pulls a fast one on the Glee Club, and their chances at the title could be compromised. Journey to Regionals
46%
6 8 8.5 The New Directions are busy working and planning, while, with a wedding upcoming, Sue has a change of heart and encourages everyone to follow their own. A Wedding
45%
2 6 8.6 Will hosts the second annual Boys vs. Girls competition, while Puck finally gets out of juvenile detention. Never Been Kissed
45%
2 11 8.5 A huge halftime performance is planned during the championship football game at McKinley High. Sue's Cheerios have trouble at the Regionals. The Sue Sylvester Shuffle
45%
6 13 9.0 The glee club members realize their dreams. Dreams Come True
43%
3 11 8.5 The rivalry between New Directions and the Warblers intensifies en route to Regionals. Kurt and Rachel receive news about NYADA. Michael
43%
4 18 8.5 As the members of New Directions prepare for Regionals, an unthinkable event occurs and puts matters into perspective. Shooting Star
38%
5 12 8.7 The glee club members are saying goodbye to each other when two old guests come and attempt to the save club. 100
35%
3 14 8.8 Things heat up as New Directions goes head-to-head with the Dalton Academy Warblers at Regionals. On My Way
34%
5 13 8.7 The Glee club is finally coming to an end and the members of New Directions say their farewells to Mr. Schuster. Rachel and Santana get to the core of their quarrels and sing it out in traditional Glee style. New Directions
29%
No matching quizzes found
Score Distribution
Percent of People with Each Score
Percentile by Number Answered
Your Score History
You have not taken this quiz since the last reset